Anti-Dühring, o la revolución de la ciencia de Eugenio Dühring : (Record no. 59798)

MARC details
000 -LEADER
campo de control de longitud fija 00805nam a2200217 i 4500
001 - NÚMERO DE CONTROL
campo de control 59798
003 - IDENTIFICADOR DE NÚMERO DE CONTROL
campo de control ES-MaACL
005 - FECHA Y HORA DE LA ÚLTIMA TRANSACCIÓN
campo de control 20250727062557.0
007 - CAMPO FIJO DE DESCRIPCIÓN FÍSICA--INFORMACIÓN GENERAL
campo de control de longitud fija t|
008 - DATOS DE LONGITUD FIJA--INFORMACIÓN GENERAL
campo de control de longitud fija 031030s1968 sp ||||1| spa d
080 ## - NÚMERO DE LA CLASIFICACIÓN DECIMAL UNIVERSAL
Número de la Clasificación Decimal Universal 330.84/.85
100 1# - ENTRADA PRINCIPAL--NOMBRE DE PERSONA
Nombre de persona Engels, Friedrich.
9 (RLIN) 47225
245 10 - MENCIÓN DEL TÍTULO
Título Anti-Dühring, o la revolución de la ciencia de Eugenio Dühring :
Resto del título (introducción al estudio del socialismo) /
Mención de responsabilidad, etc. Federico Engels ; traducción de José Verdes Montenegro y Montoro.
260 ## - PUBLICACIÓN, DISTRIBUCIÓN, ETC.
Lugar de publicación, distribución, etc. [Madrid :
Nombre del editor, distribuidor, etc. Ciencia Nueva,
Fecha de publicación, distribución, etc. 1968]
300 ## - DESCRIPCIÓN FÍSICA
Extensión 357 p. ;
Dimensiones 18 cm.
600 14 - PUNTO DE ACCESO ADICIONAL DE MATERIA--NOMBRE DE PERSONA
Nombre de persona Dühring, Eugen Karl-
Subdivisión general Crítica e interpretación.
9 (RLIN) 45948
650 #7 - PUNTO DE ACCESO ADICIONAL DE MATERIA--TÉRMINO DE MATERIA
Término de materia o nombre geográfico como elemento de entrada Socialismo
Fuente del encabezamiento o término embne
9 (RLIN) 17147
700 1# - ENTRADA AGREGADA--NOMBRE PERSONAL
Nombre de persona Verdes Montenegro y Montoro, José,
Fechas asociadas al nombre 1865-1939
9 (RLIN) 114027
852 4# - LOCALIZACIÓN
Ubicación ES-MaACL
Número de control de estantería C-37069
Holdings
Estatus retirado Estado de pérdida Estado de daño No para préstamo Biblioteca de origen Biblioteca actual Ubicación en estantería Fecha de adquisición Fuente de adquisición Total de préstamos Signatura topográfica completa Código de barras Visto por última vez Precio de reemplazo Tipo de ítem Koha
        Biblioteca del Ateneo de Madrid Biblioteca del Ateneo de Madrid Depósito 2 17/01/2008     C-37069 1062718 23/02/2023 23/02/2023 Libro impreso